Sports Quiz

Random Sports or NHL Quiz

NHL Goalie Goals Quiz Stats

 Plays Quiz Updated Jun 17, 2021

Support Sporcle.
Go Orange.
Score 0/15 Timer 04:00
3 Plays Today
Year Goalie % Correct
1996–97Martin Brodeur
92.7%
1999–00Martin Brodeur
92.7%
2012-13Martin Brodeur
92%
2019-20Pekka Rinne
90.5%
2013-14Mike Smith
84.1%
2011-12Cam Ward
73%
1987–88Ron Hextall
72.3%
1988–89Ron Hextall
72.3%
Year Goalie % Correct
1995–96Chris Osgood
64%
1979–80Billy Smith
54.2%
2000–01Jose Theodore
51.4%
2001–02Evgeni Nabokov
46.1%
2005–06Chris Mason
22.5%
1998–99Damian Rhodes
13.9%
2003–04Mika Noronen
9.5%

From the Vault

Vocabulary Blitz XXIV

by iglew

Language 60s
'I' before 'E', except after...oh wait, that helps with spelling, not vocab.
Remove Ads.
Support Sporcle.
Get the best of Sporcle when you Go Orange. This ad-free experience offers more features, more stats, and more fun while also helping to support Sporcle. Thank you for becoming a member.

Show Comments

Extras

Top Quizzes Today


Score Distribution

Your Account Isn't Verified!

In order to create a playlist on Sporcle, you need to verify the email address you used during registration. Go to your Sporcle Settings to finish the process.

Report this User

Report this user for behavior that violates our Community Guidelines.

Details: